000 00881nam a22002657a 4500
005 20221215104341.0
008 221215b2016 ii ||||e |||| 00| 0 eng d
020 _a9788128700224 :
_cRs.650.00
_qpbk.
040 _aNLI
_beng
_cEnglish Processing Division
041 0 _aeng
044 _aii
082 0 4 _223rd ed.
_aE 895.4
_bL 893
100 1 _6880-01
_aLorrain, Reginald Arthur
_91188969
245 1 0 _6880-02
_aGrammar and dictionary of the Lakher or Mara language /
_cReginald Arthur Lorrain
260 _aGuwahati :
_bScientific Book Centre,
_cc2016
300 _aviii, 386 p. ;
_c24 cm.
650 0 _aLakher language
_xDictionary
_xEnglish
_91428461
650 0 _aTibeto-Burman Languages
650 0 _aTibeto-Burman Languages
_xGrammar
_91292033
700 1 _6880-03
852 _aBB
_cMain Stack Division
880 1 _6100-01
887 _aE. Haque
942 _2ddc
_cBKS
999 _c1561069
_d1561069